Communication for business and the professions
محفوظ في:
| المؤلف الرئيسي: | |
|---|---|
| التنسيق: | كتاب |
| اللغة: | Undetermined |
| منشور في: |
Madison
William C. Brown
1995
|
| الموضوعات: | |
| الوسوم: |
إضافة وسم
لا توجد وسوم, كن أول من يضع وسما على هذه التسجيلة!
|
| Thư viện lưu trữ: | Trung tâm Học liệu Trường Đại học Cần Thơ |
|---|
| LEADER | 00643nam a2200205Ia 4500 | ||
|---|---|---|---|
| 001 | CTU_40756 | ||
| 008 | 210402s9999 xx 000 0 und d | ||
| 082 | |a 428.24 | ||
| 082 | |b A565 | ||
| 100 | |a Andrews, Patricia Hayes | ||
| 245 | 0 | |a Communication for business and the professions | |
| 245 | 0 | |c Patricia Hayes Andrews, John E. Baird | |
| 260 | |a Madison | ||
| 260 | |b William C. Brown | ||
| 260 | |c 1995 | ||
| 650 | |a English language,English language,Listening | ||
| 650 | |x Spoken English,Problems, exercises, etc. | ||
| 650 | |y Problems, exercises, etc. | ||
| 904 | |i Minh | ||
| 980 | |a Trung tâm Học liệu Trường Đại học Cần Thơ | ||